000 00697cam a22002533a 4500
001 13468
003 PGUSA
005 20140828083305.0
008 040915s2004||||xxu|||||s|||||000 | eng d
040 _aPGUSA
_beng
042 _adc
050 4 _aDS
100 1 _aChesterton, G. K.
_q(Gilbert Keith),
_d1874-1936
245 1 4 _aThe New Jerusalem
_h[electronic resource] /
_cG. K. Chesterton
260 _bProject Gutenberg,
_c2004
506 _aPublic domain in the USA.
516 _aElectronic text
653 _aJerusalem
653 _aPalestine
653 _aJews -- Restoration
830 0 _aProject Gutenberg
_v13468
856 4 0 _uhttp://www.gutenberg.org/ebooks/13468
942 _cEB
999 _c242723
_d242723